Arquitectura prehistórica

Guardat en:
Dades bibliogràfiques
Autor principal: Maluquer de Motes Nicolau, Juan (autor)
Format: Llibre
Idioma:espanyol
Publicat: Barcelona Argos 1951
Col·lecció:Esto es España
Matèries:
Etiquetes: Afegir etiqueta
Sense etiquetes, Sigues el primer a etiquetar aquest registre!

MARC

LEADER 00000nam a2200000 a 4500
001 UCV8570
003 CL-VaPUC
008 911010e19510000SP |||||||||||||||||spa|d
082 0 4 |a 722  |b MAL  |2 21 
100 |a Maluquer de Motes Nicolau, Juan  |e autor  |9 370448 
245 1 0 |a Arquitectura prehistórica 
300 |a 45 p 
942 |c BK 
945 |d 19911010 00:00:00 
260 |a Barcelona  |b Argos  |c 1951 
650 0 |a Arquitectura primitiva  |9 265158 
583 |a last modification  |c 19911010 00:00:00  |k Rodrigo Vera 
490 0 |a Esto es España 
999 |c 214060  |d 214058 
952 |0 0  |1 0  |4 0  |6 722_000000000000000_MAL_1951  |7 0  |8 A  |9 197090  |a BIBARQ  |b BIBARQ  |d 2019-11-14  |i 2648229  |o 722 MAL 1951  |p 2648229  |r 2025-01-20  |w 2019-11-14  |y BK  |k ARQ